000 00252nam a2200109 a 4500
005 20140414132107.0
008 100902s19uu xx 00 eng d
050 _aM 551.2
_bG76 2010
100 _aGraham, Ian
245 _aEarthquakes.
999 _c114630
_d114630